| 000 | 00549nam a22001577a 4500 | ||
|---|---|---|---|
| 999 |
_c286240 _d286240 |
||
| 003 | NaUOA | ||
| 005 | 20190515173631.0 | ||
| 008 | 190515t1960 un op||f||||| ||| m ukr u | ||
| 040 | _cNaUOA | ||
| 245 |
_aУкраїнська Галицька Армія у 40-річчя її участи у визвольних змаганнях в 1918-1920 : матеріали до історії. - _c/ упор. Микитюк Д. |
||
| 260 |
_aВінніпег : _c1960. |
||
| 300 | _a383 с. | ||
| 365 | _b1.00 | ||
| 440 | _vТом 2. | ||
| 942 |
_2udc _cBK |
||